[Event "HUN-chT2 Toth 0708"]
[Site "Hungary"]
[Date "2008.02.17"]
[Round "6"]
[White "Samu, Gabor"]
[Black "Russa, Roberto"]
[Result "0-1"]
[WhiteElo "2070"]
[BlackElo "1692"]
[PlyCount "141"]
[EventDate "2007.10.14"]
[EventType "team"]
[EventRounds "11"]
[EventCountry "HUN"]
[SourceTitle "EXT 2009"]
[Source "ChessBase"]
[SourceDate "2008.11.26"]
[SourceVersion "1"]
[SourceVersionDate "2008.11.26"]
[SourceQuality "1"]
[WhiteTeam "Bekes"]
[BlackTeam "Maroczy II"]
[WhiteTeamCountry "HUN"]
[BlackTeamCountry "HUN"]

1. d4 Nf6 2. c4 e6 3. Nf3 Bb4+ 4. Nc3 b6 5. g3 Bb7 6. Bg2 c5 7. e3 Qc7 8. Qb3 Nc6 9. dxc5 bxc5 10. 0-0 Bxc3 11. Qxc3 0-0 12. Rd1 Rfd8 13. b3 a5 14. Bb2 Ne8 15. Nd2 a4 16. bxa4 Rxa4 17. Ne4 d6 18. Qc2 Raa8 19. a3 Rab8 20. Bh3 h6 21. Bg2 Ba6 22. Bf1 Na5 23. Nd2 Bb7 24. Bc3 Qc6 25. f3 Qa6 26. Rdb1 Bc6 27. e4 Qa8 28. Kf2 Bb7 29. Rb5 Nc6 30. Rab1 Ba6 31. Rb6 Rxb6 32. Rxb6 Rb8 33. Qb2 Rxb6 34. Qxb6 Qb7 35. Qxb7 Bxb7 36. a4 e5 37. Bd3 Nc7 38. a5 Na6 39. Bc2 Nab4 40. Ba4 Nxa5 41. Bxb4 cxb4 42. Ke3 Kf8 43. Kd3 Ke7 44. Bb5 Kd8 45. Kc2 Kc7 46. Nf1 f5 47. exf5 Bxf3 48. Ne3 Be4+ 49. Kb2 Kb6 50. g4 Kc5 51. h4 Kd4 52. Nf1 Nxc4+ 53. Bxc4 Kxc4 54. Ng3 Bf3 55. g5 hxg5 56. hxg5 Kd5 57. Kb3 e4 58. Kxb4 Bg4 59. Kc3 Ke5 60. f6 gxf6 61. gxf6 Be6 62. Kd2 d5 63. Ke3 d4+ 64. Kd2 Bf7 65. Ke1 Bg6 66. Ne2 e3 67. Kd1 d3 68. Nc3 Bf7 69. Ke1 Kf4 70. Kf1 Kf3 71. Nb5 0-1

[Event "HUN-chT2 Toth 0708"]
[Site "Hungary"]
[Date "2007.12.09"]
[Round "4"]
[White "Flack, Zoltan"]
[Black "Russa, Roberto"]
[Result "1-0"]
[WhiteElo "1790"]
[BlackElo "1703"]
[PlyCount "91"]
[EventDate "2007.10.14"]
[EventType "team"]
[EventRounds "11"]
[EventCountry "HUN"]
[SourceTitle "EXT 2009"]
[Source "ChessBase"]
[SourceDate "2008.11.26"]
[SourceVersion "1"]
[SourceVersionDate "2008.11.26"]
[SourceQuality "1"]
[WhiteTeam "Gyula"]
[BlackTeam "Maroczy II"]
[WhiteTeamCountry "HUN"]
[BlackTeamCountry "HUN"]

1. c4 Nf6 2. Nc3 g6 3. Nf3 Bg7 4. g3 b6 5. Bg2 Bb7 6. 0-0 0-0 7. d3 d5 8. cxd5 Nxd5 9. Bd2 e5 10. Qc1 c6 11. Bh6 Re8 12. Bxg7 Kxg7 13. Nxd5 cxd5 14. d4 e4 15. Ne5 h5 16. g4 f6 17. Nxg6 Kxg6 18. gxh5+ Kxh5 19. Bh3 Qd6 20. Kh1 Rg8 21. Qe3 Nc6 22. Bf5 Rg4 23. Qh3+ Rh4 24. Bg6+ Kxg6 25. Rg1+ Kf7 26. Qxh4 Ba6 27. Qh7+ Ke6 28. e3 Be2 29. Rg7 Ne7 30. Rc1 Qd7 31. Rxe7+ Qxe7 32. Rc6+ Qd6 33. Rxd6+ Kxd6 34. h4 Bf3+ 35. Kh2 Rc8 36. Qf7 Rc1 37. Qxf6+ Kc7 38. Qe7+ Kb8 39. Qd8+ Kb7 40. Qxd5+ Kc8 41. Qf5+ Kd8 42. Kg3 Rg1+ 43. Kf4 Rg2 44. Ke5 Rxf2 45. Kd6 Ke8 46. Qf6 1-0